Goya estudio biografico y critico (Registro nro. 51534)

Detalles MARC
001 - NÚMERO DE CONTROL
campo de control 55338
005 - FECHA Y HORA DE LA ÚLTIMA TRANSACCIÓN
campo de control 20260506071046.0
008 - DATOS DE LONGITUD FIJA--INFORMACIÓN GENERAL
campo de control de longitud fija 960313s1955 spa
035 ## - NÚMERO DE CONTROL DEL SISTEMA
Número de control de sistema 55338
035 ## - NÚMERO DE CONTROL DEL SISTEMA
Número de control de sistema (OCoLC)778158638
040 ## - FUENTE DE LA CATALOGACIÓN
Centro/agencia transcriptor comduadb
041 ## - CÓDIGO DE LENGUA
Código de lengua del texto/banda sonora o título independiente spa
082 #4 - NÚMERO DE LA CLASIFICACIÓN DECIMAL DEWEY
Número de clasificación 759
100 10 - ENTRADA PRINCIPAL--NOMBRE DE PERSONA
Nombre de persona Gassier, Pierre
Código de función aut
Término indicativo de función/relación Autor/a
9 (RLIN) 254855
245 10 - MENCIÓN DE TÍTULO
Título Goya estudio biografico y critico
250 ## - MENCIÓN DE EDICIÓN
Mención de edición 01.ED
260 ## - PUBLICACIÓN, DISTRIBUCIÓN, ETC.
Lugar de publicación, distribución, etc. Barcelona :
Nombre del editor, distribuidor, etc. Carroggio,
Fecha de publicación, distribución, etc. 1955.
300 ## - DESCRIPCIÓN FÍSICA
Extensión 138 páginas
600 17 - PUNTO DE ACCESO ADICIONAL DE MATERIA--NOMBRE DE PERSONA
Nombre de persona Goya, Francisco de,
Fechas asociadas al nombre 1746-1828
Fuente del encabezamiento o término embne
9 (RLIN) 476284
650 #7 - PUNTO DE ACCESO ADICIONAL DE MATERIA--TÉRMINO DE MATERIA
Término de materia o nombre geográfico como elemento de entrada Pintura española
Fuente del encabezamiento o término lemb
9 (RLIN) 37485
942 ## - ELEMENTOS DE ENTRADA AGREGADA (KOHA)
Tipo de ítem Koha Libros
Existencias
Estado de retiro Estado de pérdida Estado dañado No para préstamo Código de colección Localización permanente Ubicación/localización actual Fecha de adquisición Número de inventario Total de préstamos Signatura topográfica completa Código de barras Fecha visto por última vez Número de copia Precio válido a partir de Tipo de ítem Koha
        Colección Semiactiva Planta Baja Biblioteca Carlos Gaviria Díaz, Campus Medellín Biblioteca Carlos Gaviria Díaz, Campus Medellín 04/05/1998 C90736   759.6 G253g e2 61000001282439 21/04/2023 1 21/04/2023 Libros